[Event "Moscow Smyslov-B"]
[Site "Moscow"]
[Date "2025.06.02"]
[Round "1"]
[White "Tsepilov, Artem Den"]
[Black "Gorshkov, Artem O"]
[Result "1/2-1/2"]
[WhiteElo "1923"]
[BlackElo "1809"]
[PlyCount "95"]
[EventDate "2025.06.02"]
[EventType "swiss"]
[EventRounds "8"]
[EventCountry "RUS"]
[SourceTitle "CB29_2025"]
[SourceDate "2025.07.16"]
[SourceVersion "1"]
[SourceVersionDate "2025.07.16"]
[SourceQuality "1"]

1. d4 Nf6 2. c4 g6 3. g3 Bg7 4. Bg2 0-0 5. Nf3 d6 6. 0-0 Nc6 7. Nc3 e5 8. d5 Nb8 9. e4 a5 10. Ne1 Ne8 11. Nd3 Na6 12. Be3 b6 13. a3 Nc5 14. Bxc5 dxc5 15. b4 axb4 16. axb4 Rxa1 17. Qxa1 cxb4 18. Nxb4 Bd7 19. Qa7 Qe7 20. Nc6 Bxc6 21. dxc6 Qc5 22. Nd5 Kh8 23. Qb7 Nd6 24. Qxc7 Rc8 25. Qxb6 Qxc6 26. Qb4 Qc5 27. Qxc5 Rxc5 28. Ne3 Bh6 29. f4 exf4 30. Ng4 Bg7 31. Rd1 h5 32. Rxd6 hxg4 33. gxf4 Rxc4 34. Kf2 Rc2+ 35. Kg3 g5 36. Bf1 gxf4+ 37. Kxg4 Be5 38. Rd8+ Kg7 39. Rd7 Rxh2 40. Bc4 Kg6 41. Bxf7+ Kf6 42. Bc4 Rg2+ 43. Kf3 Rg3+ 44. Kf2 Rc3 45. Be2 Rc7 46. Rd5 Rh7 47. Ra5 Rh3 48. Ra6+ 1/2-1/2